000 00622cam a22002293a 4500
001 1665
003 PGUSA
005 20140828083005.0
008 990301s1999||||xxu|||||s|||||000 1 eng d
040 _aPGUSA
_beng
042 _adc
050 4 _aPR
100 1 _aLyall, Edna,
_d1857-1903
245 1 0 _aDerrick Vaughan, Novelist
_h[electronic resource] /
_cEdna Lyall
260 _bProject Gutenberg,
_c1999
506 _aPublic domain in the USA.
516 _aElectronic text
653 _aNovelists -- Fiction
830 0 _aProject Gutenberg
_v1665
856 4 0 _uhttp://www.gutenberg.org/ebooks/1665
942 _cEB
999 _c231011
_d231011